[Event "Challenge"]
[Site "http://www.queenalice.com/game.php?id=287830"]
[Date "2007.10.17"]
[Round "-"]
[White "Triacca"]
[Black "eriquec"]
[Result "1-0"]
[WhiteElo "1154"]
[BlackElo "1101"]

1. e4 Nf6 2. d3 d5 3. Nc3 e6 4. Bf4 Bc5 5. exd5 exd5 6. Qe2+ Qe7 7. Ne4 dxe4 8.
Nh3 Nd5 9. Bg5 Qe5 10. dxe4 h6 11. f4 Qxb2 12. Rd1 f6 13. exd5+ Kf8 14. Rd3 hxg5
15. Qe4 Qxc2 16. Be2 Qc1+ 17. Bd1 Rh4 18. Nf2 Rxf4 19. Qh7 Bxf2+ 20. Kf1 Bg4 21.
g3 Bxd1 22. gxf4 Qc2 23. Rh3 Bg4 24. Qh8+ Kf7 25. Rh7 Qe2+ 26. Kg2 Qf3+ 27. Kf1
Qe2+ 28. Kg2 gxf4 29. Qxg7+ Ke8 30. Qg8# 1-0

[Event "Challenge"]
[Site "http://www.queenalice.com/game.php?id=287846"]
[Date "2007.10.17"]
[Round "-"]
[White "Triacca"]
[Black "hk1960"]
[Result "1-0"]
[WhiteElo "1215"]
[BlackElo "1017"]

1. e4 e5 2. Nf3 f6 3. Nc3 Qe7 4. Nd5 Qc5 5. d4 Qa5+ 6. Bd2 b5 7. Bxa5 c6 8. Nc7+
Kd8 9. Nxa8+ Ke8 10. Nc7+ Kf7 11. dxe5 Bb7 12. Nd4 Ne7 13. e6+ dxe6 14. Ncxe6
Ke8 15. Qh5+ g6 16. Qg4 g5 17. Qh5+ Kd7 18. Bb4 Kc8 19. Qe8# 1-0

[Event "Challenge"]
[Site "http://www.queenalice.com/game.php?id=287856"]
[Date "2007.10.17"]
[Round "-"]
[White "Triacca"]
[Black "tania"]
[Result "1-0"]
[WhiteElo "1317"]
[BlackElo "1011"]

1. e4 e5 2. Nf3 Be7 3. Nc3 Bg5 4. Nxg5 Qxg5 5. Nd5 c6 6. Nc7+ Kd8 7. Nxa8 Qh4 8.
d3 Na6 9. d4 Qxe4+ 10. Qe2 Qd5 11. Qe3 Nf6 12. Bd3 Qd6 13. dxe5 Qd5 14. O-O Nc7
15. Qxa7 Qb5 16. exf6 gxf6 17. Bxb5 cxb5 18. Re1 Rg8 19. Nb6 d6 20. Qb8 Ne8 21.
Qxc8# 1-0

[Event "Challenge"]
[Site "http://www.queenalice.com/game.php?id=289952"]
[Date "2007.10.20"]
[Round "-"]
[White "KleberA"]
[Black "Triacca"]
[Result "0-1"]
[WhiteElo "1421"]
[BlackElo "1342"]

1. e4 e5 2. Qh5 Nf6 3. Qxe5+ Qe7 4. Qxc7 Qxe4+ 5. Ne2 Na6 6. Qc3 Bb4 7. Qd3 O-O
8. a3 Bc5 9. Nc3 Qe5 10. b4 Bxb4 11. axb4 Nxb4 12. Qc4 Nxc2+ 13. Kd1 Nxa1 14.
Qa2 Ng4 15. Ke1 d6 16. g3 Be6 17. Qxa1 Rac8 18. Bb2 Bb3 19. Nb5 Qxb5 20. Nf4
Rfe8+ 21. Ne2 Re6 22. Bxg7 Rce8 23. Be5 Nxe5 24. Bh3 Nd3+ 0-1

[Event "Challenge"]
[Site "http://www.queenalice.com/game.php?id=290441"]
[Date "2007.10.21"]
[Round "-"]
[White "Dani"]
[Black "Triacca"]
[Result "0-1"]
[WhiteElo "1188"]
[BlackElo "1156"]

1. e4 e5 2. d4 Nc6 3. dxe5 Nxe5 4. g3 Bb4+ 5. c3 Bc5 6. Nd2 Nf6 7. Bg2 Nfg4 8.
f3 Ne3 9. Qe2 Nc2+ 10. Kf1 Nxa1 11. f4 Nc6 12. b4 Bxg1 13. Kxg1 O-O 14. e5 Qe8
15. Ne4 d6 16. exd6 cxd6 17. Nxd6 Qxe2 18. Bd5 Bh3 19. b5 Qf1# 0-1

[Event "Challenge"]
[Site "http://www.queenalice.com/game.php?id=296398"]
[Date "2007.11.1"]
[Round "-"]
[White "mogerio"]
[Black "Triacca"]
[Result "0-1"]
[WhiteElo "1284"]
[BlackElo "1270"]

1. e4 e5 2. d4 Nc6 3. dxe5 Nxe5 4. Qd5 d6 5. f4 Nf6 6. fxe5 Nxd5 7. exd5 Qh4+ 8.
g3 Qe4+ 9. Be2 Qxh1 10. Bf3 Qxg1+ 11. Ke2 Qxc1 12. exd6 Bxd6 13. Kf2 Qxb2 14.
Nc3 Qxa1 15. Ne4 O-O 16. Ng5 Bc5+ 17. Kg2 Re8 18. Be4 Bg4 19. h3 f5 20. hxg4
fxe4 21. Kh3 Qh1# 0-1

[Event "Challenge"]
[Site "http://www.queenalice.com/game.php?id=296862"]
[Date "2007.11.2"]
[Round "-"]
[White "Roger_Moore"]
[Black "Triacca"]
[Result "0-1"]
[WhiteElo "1443"]
[BlackElo "1354"]

1. e4 e5 2. Bc4 Bc5 3. d3 Nf6 4. Qf3 d6 5. h3 Nc6 6. c3 O-O 7. a4 b6 8. b4 Nxb4
9. cxb4 Bxb4+ 10. Bd2 Bc5 11. Nc3 a5 12. Nd5 Nxd5 13. Bxd5 c6 14. Bxc6 Rb8 15.
Qg3 Bb4 16. Bxb4 axb4 17. Qe3 b3 18. Rb1 Be6 19. Bd5 b5 20. Bxe6 fxe6 21. axb5
Qa5+ 0-1

[Event "Revanche!!!!!!!"]
[Site "http://www.queenalice.com/game.php?id=296880"]
[Date "2007.11.2"]
[Round "-"]
[White "Triacca"]
[Black "Dandi"]
[Result "0-1"]
[WhiteElo "1374"]
[BlackElo "1427"]

1. e4 e5 2. Nc3 Nc6 3. Nf3 d6 4. Nd5 Be6 5. Bc4 Qd7 6. d3 O-O-O 7. O-O f6 8. d4
Bg4 9. dxe5 fxe5 10. h3 Bh5 11. Qd3 Nf6 12. Ng5 a5 13. Nxf6 gxf6 14. Nf7 Bxf7
15. a4 Nb4 16. Qd2 Bxc4 17. Rd1 Rg8 18. Qe3 b6 19. Qc3 Be2 20. Re1 Bf3 21. Be3
Bxe4 22. Qc4 Nxc2 23. Rac1 d5 24. Qb5 Kb7 25. Rxc2 Bxc2 26. Rc1 Qf5 27. b4 Bd3
28. bxa5 Bxb5 29. axb5 d4 30. Bd2 Qe4 31. Ra1 Qxg2# 0-1

[Event "Challenge"]
[Site "http://www.queenalice.com/game.php?id=298560"]
[Date "2007.11.5"]
[Round "-"]
[White "Pipo"]
[Black "Triacca"]
[Result "0-1"]
[WhiteElo "1332"]
[BlackElo "1344"]

1. e4 e5 2. c4 Bc5 3. d3 Nc6 4. Nh3 Nf6 5. Nc3 Nd4 6. Be3 d6 7. Qa4+ Bd7 8. Qd1
O-O 9. a3 Ng4 10. Bg5 Qe8 11. Nd5 f6 12. Nxc7 Qc8 13. Nxa8 Qxa8 14. Bh4 f5 15.
exf5 a5 16. Be7 Rf7 17. f6 Nxf6 18. Bxf6 Rxf6 19. b4 axb4 20. Qb1 bxa3 21. Be2
Qa5+ 22. Kf1 b6 23. Ng5 Rf5 24. h4 h6 25. g4 Rf4 26. Nh3 Bc6 27. Rh2 Nxe2 28.
Kxe2 Bf3+ 29. Kf1 Rxg4 30. Qc1 d5 31. cxd5 Bd4 32. Qc4 Qd2 33. Qc8+ Kf7 34. Qe6+
Kf8 35. d6 Qe2# 0-1

[Event "Challenge"]
[Site "http://www.queenalice.com/game.php?id=303368"]
[Date "2007.11.13"]
[Round "-"]
[White "appalachia"]
[Black "Triacca"]
[Result "0-1"]
[WhiteElo "1351"]
[BlackElo "1325"]

1. g4 e5 2. h3 Qh4 3. Nf3 Qg5 4. Nxg5 Nc6 5. Ne4 d5 6. Ng3 Nf6 7. d3 Bb4+ 8. Bd2
O-O 9. Bg2 e4 10. dxe4 dxe4 11. Bxe4 Re8 12. Bxb4 Nxb4 13. c3 Nc6 14. Bxc6 bxc6
15. f3 c5 16. e4 Ba6 17. Qd7 Nxd7 18. Nd2 c4 19. O-O-O Nc5 20. b4 Nd3+ 21. Kc2
Nf2 0-1

[Event "Challenge"]
[Site "http://www.queenalice.com/game.php?id=303395"]
[Date "2007.11.13"]
[Round "-"]
[White "Triacca"]
[Black "appalachia"]
[Result "1-0"]
[WhiteElo "1307"]
[BlackElo "1369"]

1. e4 d5 2. d3 dxe4 3. Nc3 f5 4. Qh5+ g6 5. Qg5 Nf6 6. dxe4 Nc6 7. Bc4 Qd4 8.
Bb3 Bg7 9. Nf3 Qd8 10. O-O a6 11. exf5 Bxf5 12. Re1 b5 13. Nd5 Qxd5 14. Bxd5
Nxd5 15. Bd2 Bf6 16. Qh6 O-O-O 17. a4 Rdf8 18. Re2 e5 19. Rae1 Bg7 20. Qxg7 Rf7
21. Qxh8+ Kb7 22. Qg8 1-0

[Event "Challenge"]
[Site "http://www.queenalice.com/game.php?id=306736"]
[Date "2007.11.19"]
[Round "-"]
[White "Narciso"]
[Black "Triacca"]
[Result "1-0"]
[WhiteElo "1429"]
[BlackElo "1329"]

1. d3 e5 2. e3 Nc6 3. Nh3 Bb4+ 4. Bd2 Nf6 5. c3 Bc5 6. d4 exd4 7. cxd4 Bb4 8. a3
Ba5 9. Qf3 O-O 10. b4 Re8 11. Bd3 d5 12. bxa5 Bg4 13. Qg3 Nh5 14. Qxg4 Nf6 15.
Qh4 b6 16. Ng5 Kf8 17. O-O bxa5 18. f4 h6 19. Bb5 Qd6 20. Rc1 Re7 21. Nc3 Ne4
22. Ncxe4 dxe4 23. Bxc6 Rd8 24. Nh7+ Kg8 25. Qg4 Kxh7 26. Qf5+ Qg6 27. Qxg6+
fxg6 28. Bxa5 g5 29. g3 gxf4 30. gxf4 Rf8 31. Bb4 Ref7 32. Bxf8 Rxf8 33. Bxe4+
Kh8 34. Rxc7 Re8 35. Bg6 Re6 36. Rc8+ Re8 37. Rxe8# 1-0

[Event "Challenge"]
[Site "http://www.queenalice.com/game.php?id=311777"]
[Date "2007.11.28"]
[Round "-"]
[White "Triacca"]
[Black "FENIX_RJ"]
[Result "0-1"]
[WhiteElo "1354"]
[BlackElo "1545"]

1. e4 e5 2. Nc3 Nc6 3. Qg4 Nf6 4. Qf5 d5 5. Qg5 h6 6. Qe3 Ng4 7. Qf3 Nd4 8. exd5
Nxc2+ 9. Kd1 Nxa1 10. Bb5+ Bd7 11. h3 Nf6 12. Qe4 Nxe4 13. Nxe4 Bxb5 14. Nf3
Ba4+ 15. Ke1 Nc2+ 16. Kf1 Bb5+ 17. Kg1 f5 18. Nc3 e4 19. Ne5 Qe7 20. Nxb5 Qxe5
21. d4 Qxd5 22. Nxc7+ Kd7 23. Nxd5 Rc8 24. Kh2 Bd6+ 25. f4 Rhe8 26. a4 Nb4 27.
Ne3 Bxf4+ 28. g3 Bxe3 29. Bxe3 Rc2+ 30. Bf2 Rxf2+ 31. Kg1 e3 32. Rh2 Nd3 33. g4
Rf8 34. g5 Rxb2 35. h4 e2 36. Rxe2 Rxe2 0-1

[Event "AUTO-BEG-146"]
[Site "http://www.queenalice.com/game.php?id=349113"]
[Date "2008.2.5"]
[Round "2"]
[White "KARPOVBR"]
[Black "Triacca"]
[Result "1-0"]
[WhiteElo "1739"]
[BlackElo "1346"]

1. d4 e5 2. dxe5 Nc6 3. Nf3 Bb4+ 4. c3 Bc5 5. Qd5 Nce7 6. Qxc5 d6 7. exd6 cxd6
8. Qd4 Nf5 9. Qe4+ Nge7 10. Bg5 d5 11. Qa4+ Bd7 12. Qb4 O-O 13. g4 a5 14. Qc5
Qc8 15. Qa3 h6 16. Bxe7 Nxe7 17. Qxe7 b6 18. Ne5 Re8 19. Qxf7+ Kh8 20. Nxd7 Qc7
21. Bh3 Qd6 22. g5 1-0

[Event "AUTO-BEG-146"]
[Site "http://www.queenalice.com/game.php?id=349119"]
[Date "2008.2.5"]
[Round "2"]
[White "s2"]
[Black "Triacca"]
[Result "0-1"]
[WhiteElo "1338"]
[BlackElo "1338"]

1. e4 e5 2. c4 Nc6 3. a3 Nd4 4. Nf3 Bc5 5. b4 Nxf3+ 6. Qxf3 Bd4 7. Ra2 Nf6 8.
Rc2 d6 9. c5 dxc5 10. bxc5 Bg4 11. Qb3 Rb8 12. f3 Be6 0-1

[Event "AUTO-BEG-146"]
[Site "http://www.queenalice.com/game.php?id=349120"]
[Date "2008.2.5"]
[Round "2"]
[White "Triacca"]
[Black "s2"]
[Result "1-0"]
[WhiteElo "1321"]
[BlackElo "1355"]

1. e4 e5 2. Nf3 d6 3. d4 Nf6 4. dxe5 Nxe4 5. Be3 a6 6. Nc3 Bf5 7. Nd5 c6 8. Bg5
f6 9. exf6 gxf6 10. Nxf6+ Kf7 11. Nxh7 Qe8 12. Ne5+ 1-0